000 00536nam a2200181Ia 4500
005 20250508153342.0
008 008 250505s9999 xx 000 0 eng d
037 _aBooks to be hide in OPAC
040 _aFEDL
_beng
_cFEDL
041 _aeng
_2eng
084 _a371.27, CAM/O
_qFEDL
245 0 _aUniversity of cambridge local examinations
245 0 _cInter-provincial board for Anglo-Indian and European Education
260 _c1943
300 _a14p.
942 _cHB
_h371.27, CAM/O
999 _c1342217
_d1342217